BABALAR VE OĞULLAR (ANTİK OKUL KLASİKLERİ) (Record no. 689309)

MARC details
000 -LEADER
sabit uzunluktaki kontrol alanı 00295nam a2200097Ia 4500
001 - KONTROL NUMARASI
kontrol alanı 689309
005 - EN SON İŞLEMİN TARİH VE ZAMANI
kontrol alanı 20250826161632.0
008 - SABİT-UZUNLUKTA VERİ ÖĞELERİ--GENEL BİLGİ
sabit uzunluktaki kontrol alanı 250824s9999 xx 000 0 und d
245 #0 - ESER / YAZAR
ESER ADI BABALAR VE OĞULLAR (ANTİK OKUL KLASİKLERİ)
Yazar Adı İVAN SERGEYEVİÇ TURGENYEV
260 ## - YAYIN, DAĞITIM, VB.
YAYIN EVİ ANTİK DÜNYA KLASİKLERİ
Holdings
Düşüm durumu Kayıp durumu Hasar Durumu Ödünç verilmez Ana kütüphane Geçerli Kütüphane Edinilen tarih Toplam ödünç verme sayısı Barkod Son görüntüleme tarihi Son ödünç verme tarihi Fiyatın geçerli olmaya başladığı tarih Koha materyal türü
        M. HALİL İBRAHİM HEKİMOĞLU MESLEKİ VE TEKNİK A. L. M. HALİL İBRAHİM HEKİMOĞLU MESLEKİ VE TEKNİK A. L. 24.08.2025 1 1017140 16.12.2025 06.11.2025 26.08.2025 Books